[Event "SWE-chT U16 final"]
[Site "Lund"]
[Date "2016.08.13"]
[Round "4.12"]
[White "Laine, Jacob"]
[Black "Johansen, Filip"]
[Result "1-0"]
[WhiteElo "1363"]
[BlackElo "1164"]
[PlyCount "63"]
[EventDate "2016.08.12"]
[EventType "team-tourn"]
[EventRounds "5"]
[EventCountry "SWE"]
[SourceTitle "EXT 2019"]
[Source "ChessBase"]
[SourceDate "2018.10.10"]
[SourceVersion "1"]
[SourceVersionDate "2018.10.10"]
[SourceQuality "1"]
[WhiteTeam "Vasteras"]
[BlackTeam "Orgryte"]
[WhiteTeamCountry "SWE"]
[BlackTeamCountry "SWE"]

1. d4 Nf6 2. c4 e6 3. Nc3 Bb4 4. Nf3 0-0 5. a3 Bxc3+ 6. bxc3 h6 7. Qd3 b6 8. h3 d6 9. g4 Nfd7 10. Rg1 Bb7 11. g5 h5 12. g6 f5 13. Ng5 Qe8 14. Nh7 Rf6 15. Nxf6+ Nxf6 16. Qe3 Nbd7 17. Bg2 Bxg2 18. Rxg2 Nf8 19. Qf3 Rb8 20. Rg1 Qc8 21. Bg5 N8d7 22. Qe3 Qe8 23. Bf4 Nf8 24. Rb1 N8d7 25. Rb5 a6 26. Rb1 Kf8 27. Kf1 Kg8 28. Qf3 Nf8 29. Qg2 Ne4 30. Rc1 Qd7 31. Ke1 Qa4 32. f3 1-0